| 000 | 00626nam a22002177a 4500 | ||
|---|---|---|---|
| 942 | _cBK | ||
| 999 |
_c637 _d637 |
||
| 005 | 20250420134819.0 | ||
| 008 | 200816b ||||| |||| 00| 0 eng d | ||
| 020 | _a9781259921315 | ||
| 040 | _cKCST | ||
| 082 |
_a160 _bMo Cr |
||
| 100 |
_a Moore, Brooke Noel _95148 |
||
| 245 |
_aCritical thinking / _cBrooke Noel Moore; Richard Parker |
||
| 250 |
_a12th edition _bGlobal edition |
||
| 260 |
_aNew York, NY : _bMcGraw-Hill Education, _c2017. |
||
| 300 |
_axxii, 492 p. : _bcol. ill. |
||
| 650 |
_aCritical thinking. _9606 |
||
| 655 |
_aTextbooks _94759 |
||
| 700 |
_aParker, Richard _95149 |
||
| 942 | _2ddc | ||